000 00785cam a2200241 a 4500
001 78706
003 BD-RjUL
005 20211209083150.0
008 211107s2001 ir 000 p perrd
020 _a9643510387
035 _a(BD-RjUL)
040 _aMH
_cMH
_dCStRLIN
_dNNU
_beng
041 _aper
082 _223
_a891.551
_bATH 2001
100 1 _aآتشى، منوچهر. ;; Ātishī, Manūchihr.
_9249640
245 1 0 _aحادثه در بامداد /;; Ḥādis̲ah dar bāmdād /
_cمنوچهر آتشى.;; Manūchihr Ātishī.
250 _aچاپ ١. ;; Chāp-i 1.
260 _aتهران ;; Tihrān :
_bنگاه، ;; Nigāh,
_c٠٨٣١ [١٠٠٢] ;; 1380 [2001]
300 _a200 p. ;
_c22 cm.
500 _aPoems.
650 _aPersian Poetry
_9249641
942 _2ddc
_cBK
999 _c78706
_d78706